000 00553nam a2200169 i 4500
001 84534
003 ES-MaACL
005 20250531063029.0
007 t|
008 041123s1957 sp ||||1| spa d
100 1 _aJiménez de Gregorio, Fernando,
_d1911-2012
_966505
245 1 0 _aCastillos, torres y fortalezas de La Jara /
_cpor Fernando Giménez de Gregorio.
260 _a[S.l. :
_bs.n.,
_c1957] (
_eMadrid :
_fJosé Luis Cosano)
300 _a23 p. :
_bil. ;
_c236cm.
852 _aES-MaACL
_j1984-F-2
_bR.40271
999 _c84534
_d84534